000 00531nam a2200169 i 4500
001 145332
003 ES-MaACL
005 20250714063111.0
008 070214s1921 sp |||| |bspa d
100 1 _aSoriano, Rodrigo,
_d1868-1944
_9107389
245 1 0 _aDarío de Regoyos
_b: (historia de una rebeldía) /
_cRodrigo Soriano.
260 _aMadrid :
_b[s. n.],
_c1921 (
_fF. Peña)
300 _a200 p. ;
_c20 x 13 cm.
600 1 4 _aRegoyos, Darío de.
_995919
852 _aES-MaACL
_jF-4618
999 _c145332
_d145332